El niño en el mundo actual (Registro nro. 11028)

Detalles MARC
000 -CABECERA
Longitud fija campo de control 00645nam a2200217 a 4500
001 - NÚMERO DE CONTROL
Número de control 3547854
003 - IDENTIFICADOR DELl NÚMERO DE CONTROL
Identificador del número de control OSt
005 - FECHA Y HORA DE LA ÚLTIMA TRANSACCIÓN
Fecha y hora de la última transacción 20140627213002.0
008 - CÓDIGOS DE INFORMACIÓN DE LONGITUD FIJA
Códigos de información de longitud fija 970203s1970 esp spa
040 ## - FUENTE DE LA CATALOGACIÓN
Centro catalogador de origen DLC
Centro transcriptor BMC
082 ## - NÚMERO DE LA CLASIFICACIÓN DECIMAL DEWEY
Númeroo de clasificación 030.083
245 03 - MENCIÓN DE TÍTULO
Título El niño en el mundo actual
Mención de responsabilidad, etc. [Field Enterprises, inc. ; traducción de Childcraft]
250 ## - MENCIÓN DE EDICIÓN
Mención de edición 8ª ed., 2ª reimp
260 ## - PUBLICACIÓN, DISTRIBUCIÓN, ETC. (PIE DE IMPRENTA)
Lugar de publicación, distribución, etc. Barcelona [etc.]
Nombre del editor, distribuidor, etc. Salvat
Fecha de publicación, distribución, etc. 1970
300 ## - DESCRIPCIÓN FÍSICA
Extensión VII, 291 p.
Otras características físicas il.
Dimensiones 25 cm
490 ## - MENCIÓN DE SERIE
Mención de serie El mundo de los niños
Designación de volumen o secuencia 15
650 24 - PUNTO DE ACCESO ADICIONAL DE MATERIA - TÉRMINO DE MATERIA
Término de materia o nombre geográfico como elemento inicial Enciclopedias infantiles y juveniles
9 (RLIN) 17382
710 2# - PUNTO DE ACCESO ADICIONAL - NOMBRE DE ENTIDAD
Nombre de entidad o nombre de jurisdicción como elemento inicial Field Enterprises
9 (RLIN) 20810
710 2# - PUNTO DE ACCESO ADICIONAL - NOMBRE DE ENTIDAD
9 (RLIN) 20812
Nombre de entidad o nombre de jurisdicción como elemento inicial Childcraft
942 ## - ENTRADA DE ELEMENTOS AGREGADOS (KOHA)
Fuente de clasificaión o esquema Dewey Decimal Classification
Koha [por defecto] tipo de item 1- Monografias
Existencias
Suprimido Perdido Fuente de clasificación o esquema Estropeado Restricciones de uso No para préstamo Código de colección Localización permanente Localización actual Localización en estanter&íacute;as Fecha adquisición Fuente de adquisición Número de inventario Préstamos totales Signatura completa Código de barras Fecha última consulta Coste, precio reemplazado Fecha del precio de reemplazo Tipo de item de Koha
NULL NULL Dewey Decimal Classification NULL Préstamo en Sala NULL NULL Biblioteca Miguel de Cervantes - UNICAES Biblioteca Miguel de Cervantes - UNICAES Sala Principal 20/06/2014 Donación - Enpade 018069   030.083 NIÑ 1018412 20/06/2014 18.15 20/06/2014 1- Monografias